U.S. productivity growth : Who benefited?
Salvato in:
| Autore principale: | |
|---|---|
| Natura: | Libro |
| Lingua: | Undetermined |
| Pubblicazione: |
Ann Arbor, Mich.
Umi Research Press
1983
|
| Soggetti: | |
| Tags: |
Aggiungi Tag
Nessun Tag, puoi essere il primo ad aggiungerne! !
|
| Thư viện lưu trữ: | Trung tâm Học liệu Trường Đại học Cần Thơ |
|---|
| LEADER | 00586nam a2200205Ia 4500 | ||
|---|---|---|---|
| 001 | CTU_83472 | ||
| 008 | 210402s9999 xx 000 0 und d | ||
| 082 | |a 338 | ||
| 082 | |b B897 | ||
| 100 | |a Brunner, Lawrence P. | ||
| 245 | 0 | |a U.S. productivity growth : | |
| 245 | 0 | |b Who benefited? | |
| 245 | 0 | |c Lawrence P. Brunner | |
| 260 | |a Ann Arbor, Mich. | ||
| 260 | |b Umi Research Press | ||
| 260 | |c 1983 | ||
| 650 | |a Industrial productivity,Productivity accounting | ||
| 650 | |z United States | ||
| 904 | |i QHieu(sửa) | ||
| 980 | |a Trung tâm Học liệu Trường Đại học Cần Thơ | ||